000 00366nam a22001217a 4500
999 _c1862
_d1862
005 20200904115049.0
008 200904b ||||| |||| 00| 0 eng d
020 _a19629
040 _cCML
245 _aGeneral Metalwork Jobs Book 2.
_cSandham, R.
260 _aLondon
_bEdward Arnold (Publishers) Ltd
_c1965
942 _2ddc
_cBK
_e1st Edition
_h671
_mSAN